Celoštátna výstava poštových známok v Bratislave [!] ktorú usporiadajú Klub slovenských filatelistov v Bratislave s KdF Briefmarkensammler-Gemeinschaft, Sitz Pressburg pod protektorátom pána ministra dopravy a verejných prác Júliusa Stanu

Bibliographic Details
Other Authors: Novotný, Ladislav, 1901-1981 (Editor)
Format: Book
Language:Slovak
PhysicalDescription:67 strán, 22 strán obrazových príloh fotografie, ilustrácie 21 cm
Published: Bratislava Slovenské múzeum 1942
Subjects:

MARC

LEADER 00000cam a2200000 a 4500
001 vtls008366466
003 SK-MaSNL
005 20260425232324.0
008 250313s1942 xo oa f c 000 0 slo
015 |a SNBA19421945-131/3138 
020 |q (brožované) 
035 |a SK01SNKBKSD220020058683 
035 |a urn:nbn:sk:snk-am3i3r5 
035 |a 93138031-5A4F-4663-B465-69244ED5126D 
035 |a urn:nbn:sk:snk-am00divq 
035 |a SKM000061146 
040 |a SNK  |b slo  |c SNK  |e AACR2 
041 0 |a slo 
043 |a e-xo--- 
044 |a xo  |c SK 
072 7 |a 656.8  |x Poštové služby a správa  |2 konspekt 
080 |a 656.835  |2 1981 
080 |a 061.4  |2 1981 
080 |a 656.835.11  |2 2011 
080 |a (437.611)  |2 2011 
080 |a (083.824)  |2 2011 
245 0 0 |a Celoštátna výstava poštových známok v Bratislave [!] ktorú usporiadajú Klub slovenských filatelistov v Bratislave s KdF Briefmarkensammler-Gemeinschaft, Sitz Pressburg pod protektorátom pána ministra dopravy a verejných prác Júliusa Stanu  |c [redigoval Ladislav Novotný] 
246 3 4 |a Celoštátna výstava poštových známok Bratislava 1942 
246 3 |a Celoštátna výstava poštových známok v Bratislave, ktorú usporiadajú Klub slovenských filatelistov v Bratislave s KdF Briefmarkensammler-Gemeinschaft, Sitz Pressburg pod protektorátom pána ministra dopravy a verejných prác Júliusa Stanu 
260 |a Bratislava  |b Slovenské múzeum  |c 1942 
300 |a 67 strán, 22 strán obrazových príloh  |b fotografie, ilustrácie  |c 21 cm 
500 |a Príloha obsahuje fotografie zbierok poštových známok 
611 2 7 |a Celoštátna výstava poštových známok  |d (1942 :  |c Bratislava, Slovensko)  |2 SNKKA  |9 470294 
648 7 |a 1942  |2 SNKPH  |9 284108 
650 0 7 |a poštové známky  |2 SNKPH  |9 51141 
651 7 |a Bratislava (Slovensko)  |2 SNKPHgeo  |9 14568 
655 7 |a katalógy výstav  |2 SNKPH  |9 70445 
700 1 |a Novotný, Ladislav,  |d 1901-1981  |4 edt  |9 187794 
852 |a Slovenská národná knižnica 
958 |a RK 
958 |a TL 
958 |a OND 
999 |c 736049  |d 737979 
952 |a SNK  |b SNK  |y PREZ  |7 0  |p 17A0794946  |o snkSC 8321  |i snkKSF 2433/56  |8 5  |0 0  |1 0  |4 0  |d 2019-07-23  |f 1  |l 0  |r 2025-07-09 00:00:00  |w 2026-02-23